00474nam a22001571a 45000010005000000030004000050050017000090080041000260500016000670820016000831100074000992450070001732640029002433000010002726500034002821687OSt20260204211744.0040120s2000||||dr ||||||b||||||||||spa|| aRD 657 S51r aRD 657 S51r aSeminario Regional Internacional de Contabilidad del 24-26 de Febrero aRetos del Contador ante la Internacionalización de los Mercados aSanto Domingo : (ICPARD) a283 p a1.Contabilidad - SeminarioÌ